Catálogo - Centro de Recursos para el Aprendizaje y la Investigación

Volver al Sitio - CRAI Biblioteca

Juan Bosch : (Registro nro. 114493)

Detalles MARC
000 -CABECERA
campo de control de longitud fija 00969nam a2200253Ia 4500
001 - NÚMERO DE CONTROL
campo de control 114493
003 - IDENTIFICADOR DEL NÚMERO DE CONTROL
campo de control DR-UNIBE
005 - FECHA Y HORA DE LA ÚLTIMA TRANSACCIÓN
campo de control 20260409062750.0
008 - DATOS DE LONGITUD FIJA--INFORMACIÓN GENERAL
campo de control de longitud fija 260320b2008 dr ||||| |||| 00| 0 spa d
020 ## - NÚMERO INTERNACIONAL ESTÁNDAR DEL LIBRO
Número Internacional Estándar del Libro 9789945001242
040 ## - FUENTE DE LA CATALOGACIÓN
Centro catalogador/agencia de origen BIBLIOTECA UNIBE
Centro/agencia transcriptor BIBLIOTECA UNIBE
Lengua de catalogación spa
041 ## - CÓDIGO DE LENGUA
Código de lengua del texto/banda sonora o título independiente spa
082 0# - NÚMERO DE LA CLASIFICACIÓN DECIMAL DEWEY
Número de clasificación RD 972.93054 G376ju 2008
100 10 - ENTRADA PRINCIPAL--NOMBRE DE PERSONA
Nombre de persona Gerón, Cándido
Forma completa/desarrollada del nombre (Araújo Gerón, Cándido),
Fechas asociadas al nombre 1950-
Término indicativo de función/relación autor
9 (RLIN) 203560
245 10 - MENCIÓN DE TÍTULO
Título Juan Bosch :
Resto del título exilio, el golpe de Estado de 1963 y la revolución de abril de 1965 /
Mención de responsabilidad, etc. Cándido Gerón
260 4# - PUBLICACIÓN, DISTRIBUCIÓN, ETC.
Lugar de publicación, distribución, etc. Santo Domingo :
Nombre del editor, distribuidor, etc. [Editor no identificado],
Fecha de publicación, distribución, etc. 2008
300 ## - DESCRIPCIÓN FÍSICA
Extensión 431 páginas :
Otras características físicas ilustraciones, fotos (blanco y negro) ;
Dimensiones 27 cm
505 4# - NOTA DE CONTENIDO CON FORMATO
Nota de contenido con formato Historia
600 10 - PUNTO DE ACCESO ADICIONAL DE MATERIA--NOMBRE DE PERSONA
Nombre de persona
Subdivisión general Correspondencias, memorias, etc.
9 (RLIN) 32
651 #7 - PUNTO DE ACCESO ADICIONAL DE MATERIA--NOMBRE GEOGRÁFICO
Nombre geográfico República Dominicana
Subdivisión general Historia
Fuente del encabezamiento o término lemb
Subdivisión cronológica Revolución de abril 1965
9 (RLIN) 194601
651 #7 - PUNTO DE ACCESO ADICIONAL DE MATERIA--NOMBRE GEOGRÁFICO
Nombre geográfico República Dominicana
Subdivisión general Política y gobierno
Fuente del encabezamiento o término lemb
951 ## - EQUIVALENCIA O REFERENCIA-CRUZADA--NOMBRE GEOGRÁFICO/NOMBRE DE ÁREA [OBSOLETO] [solamente CAN/MARC]
Nombre geográfico 20070710 14:43:15
942 ## - ELEMENTOS DE PUNTO DE ACCESO ADICIONAL (KOHA)
Tipo de ítem Koha Libro (general)
Fuente del sistema de clasificación o colocación Sistema de Clasificación Decimal Dewey
Existencias
Estado de retiro Estado de pérdida Fuente del sistema de clasificación o colocación No para préstamo Código de colección Localización permanente Fecha de adquisición Total de préstamos Signatura topográfica completa Código de barras Fecha visto por última vez Número de copia Precio válido a partir de Tipo de ítem Koha
  Disponible Sistema de Clasificación Decimal Dewey   General - Libros dominicanos Biblioteca Central UNIBE 20/01/2026   RD 972.93054 G376ju 2008 260168 20/03/2026 Ej. 1 20/03/2026 Libro (general)